[Event "British Championship"]
[Site "?"]
[Date "2011.08.02"]
[Round "8.36"]
[White "Ledger, Dave J"]
[Black "Yap, Jinwei Abel"]
[Result "1-0"]
[WhiteElo "2277"]
[BlackElo "2029"]
[PlyCount "81"]
[EventDate "2011.??.??"]

1. e4 c5 2. Nf3 d6 3. d4 cxd4 4. Nxd4 Nf6 5. Nc3 a6 6. Be3 Ng4 7. Bg5 h6 8. Bh4
g5 9. Bg3 Bg7 10. h3 Ne5 11. Nf5 Bxf5 12. exf5 Nbc6 13. Nd5 e6 14. fxe6 fxe6
15. Ne3 O-O 16. Be2 d5 17. O-O Qe7 18. Re1 Rad8 19. Rb1 Kh8 20. Bh5 Qf6 21. Ng4
Nxg4 22. Qxg4 e5 23. Rbd1 b5 24. Re3 e4 25. Rc3 Ne5 26. Qe2 Nc4 27. Rb1 Qc6 28.
Rb3 d4 29. Rd1 Qd5 30. Bg6 Rde8 31. Bxe8 Rxe8 32. Qh5 Qe6 33. h4 gxh4 34. Qxh4
Kh7 35. Bf4 e3 36. fxe3 dxe3 37. Re1 e2 38. Rh3 Nxb2 39. Kh1 Nd1 40. Bxh6 Qf6
41. Bg5+ 1-0

[Event "British Championship"]
[Site "?"]
[Date "2011.08.02"]
[Round "8.37"]
[White "Weaving, Richard"]
[Black "Surtees, Mike J"]
[Result "0-1"]
[WhiteElo "2070"]
[BlackElo "2151"]
[PlyCount "116"]
[EventDate "2011.??.??"]

1. e4 c6 2. d4 d5 3. exd5 cxd5 4. c4 e6 5. Nc3 Nc6 6. Nf3 Bb4 7. Bd3 Nge7 8.
O-O f6 9. a3 Bd6 10. Qc2 g5 11. Be3 a6 12. Rfe1 Kf8 13. b4 Bc7 14. Rab1 Kg7 15.
a4 a5 16. b5 Nb4 17. Rxb4 axb4 18. Na2 Ba5 19. Qb3 dxc4 20. Bxc4 Nd5 21. Bc1
Rf8 22. h3 b6 23. Bd3 Ra7 24. Bb2 Kg8 25. Nc1 Rg7 26. Nh2 h5 27. g3 Qd6 28. Ne2
Bd7 29. Nf1 h4 30. g4 Rc8 31. Nd2 Be8 32. Ne4 Qd8 33. Bc4 Kh8 34. Rf1 Bg6 35.
Bd3 Bxe4 36. Bxe4 Qd6 37. Bd3 Rf7 38. Bc4 Rfc7 39. Bd3 Rf7 40. Bc4 Kg7 41. Bd3
Nc3 42. f4 Nxe2+ 43. Bxe2 gxf4 44. Bc4 Re7 45. Qd3 Rec7 46. Bb3 Rc3 47. Bxc3
Rxc3 48. Qd1 Rg3+ 49. Kf2 f3 50. Re1 Qf4 51. Rxe6 Rg2+ 52. Kf1 Rg1+ 53. Kxg1
Qg3+ 54. Kf1 Qg2+ 55. Ke1 f2+ 56. Kd2 f1=Q+ 57. Re2 Qxd1+ 58. Kxd1 Qxh3 0-1

[Event "British Championship"]
[Site "?"]
[Date "2011.08.02"]
[Round "8.38"]
[White "Atako, Chino"]
[Black "Dines, Sheila J"]
[Result "0-1"]
[WhiteElo "2110"]
[BlackElo "1889"]
[PlyCount "54"]
[EventDate "2011.??.??"]

1. e4 e5 2. Bc4 Bc5 3. Nc3 Nf6 4. d3 h6 5. f4 d6 6. Nf3 Ng4 7. Rf1 Nxh2 8. Rh1
Nxf3+ 9. Qxf3 Nc6 10. Qh5 g6 11. Qh2 h5 12. Bd2 Bg4 13. Qg3 Qd7 14. Nd5 O-O-O
15. Nf6 Qe7 16. Nxg4 hxg4 17. O-O-O f5 18. c3 Qf6 19. Rdf1 Kb8 20. Bb5 Ne7 21.
Rxh8 Rxh8 22. fxe5 dxe5 23. Qxg4 Qb6 24. exf5 Qxb5 25. fxg6 Qxd3 26. Re1 Nxg6
27. Qe6 Rd8 0-1

[Event "British Championship"]
[Site "?"]
[Date "2011.08.02"]
[Round "8.39"]
[White "Rabbitte, Liam F"]
[Black "Haria, Ravi"]
[Result "1/2-1/2"]
[WhiteElo "2034"]
[BlackElo "2073"]
[PlyCount "59"]
[EventDate "2011.??.??"]

1. e4 e6 2. d4 d5 3. Nc3 Nf6 4. Bg5 Bb4 5. e5 h6 6. Bc1 Ne4 7. Qg4 g6 8. Nge2
c5 9. a3 Ba5 10. b4 Nxc3 11. bxa5 Nxe2 12. Bxe2 Nc6 13. c3 Qxa5 14. Bd2 Bd7 15.
Qf4 cxd4 16. cxd4 Qa4 17. Bc3 Qb3 18. Kd2 Qb6 19. Rab1 Qc7 20. Rhc1 Rc8 21. Bb4
Qd8 22. Bd6 Qg5 23. Qxg5 hxg5 24. Rxb7 Rh4 25. Bb5 Rxd4+ 26. Ke3 Re4+ 27. Kd2
Rd4+ 28. Ke3 Re4+ 29. Kd2 Rd4+ 30. Ke3 1/2-1/2

[Event "British Championship"]
[Site "?"]
[Date "2011.08.02"]
[Round "8.40"]
[White "Jones, William E G"]
[Black "Mellor, Stephen D"]
[Result "1-0"]
[WhiteElo "2121"]
[BlackElo "2048"]
[PlyCount "41"]
[EventDate "2011.??.??"]

1. e4 c6 2. c4 d5 3. cxd5 cxd5 4. exd5 Nf6 5. Qa4+ Bd7 6. Qb3 Qc7 7. Nc3 Na6 8.
d4 e5 9. dxe6 Bxe6 10. Bb5+ Nd7 11. Qd1 Bb4 12. Nge2 O-O 13. O-O Bd6 14. Ng3
Nf6 15. Bg5 Nd5 16. Nxd5 Bxd5 17. Qg4 Be6 18. Qh4 Qc2 19. Rfd1 Bxg3 20. Qxg3
Nb4 21. Be7 1-0

[Event "British Championship"]
[Site "?"]
[Date "2011.08.02"]
[Round "8.41"]
[White "Krzyzanowski, Patryk"]
[Black "Pleasants, Allan J"]
[Result "1-0"]
[WhiteElo "1996"]
[BlackElo "2092"]
[PlyCount "81"]
[EventDate "2011.??.??"]

1. d4 g6 2. c4 Bg7 3. Nf3 d6 4. Nc3 Bg4 5. Ng5 h6 6. Nge4 Bc8 7. e3 Nd7 8. Qa4
f5 9. Nd2 Ngf6 10. Bd3 O-O 11. Be2 e5 12. d5 e4 13. Qc2 Qe7 14. b3 Ne5 15. Bb2
Nfg4 16. g3 f4 17. gxf4 Qh4 18. Nd1 Nd3+ 19. Bxd3 exd3 20. Qb1 Nxh2 21. Rg1 Bf5
22. Bxg7 Kxg7 23. Qb2+ Kh7 24. Rg3 Rae8 25. Qd4 Ng4 26. Nf3 Qh1+ 27. Ng1 Qh2
28. Qb2 h5 29. Kf1 Be4 30. Qd2 Qh1 31. f3 Nh2+ 32. Kf2 Bxf3 33. Rxf3 Nxf3 34.
Nxf3 Rxf4 35. exf4 Re2+ 36. Qxe2 dxe2 37. Kxe2 Qg2+ 38. Nf2 Qg3 39. Ke3 g5 40.
fxg5 Kg6 41. Rg1 1-0